000 00988nam a2200217Ia 4500
999 _c38945
_d38945
001 5382
003 GE_BSU
005 20190516152527.0
008 181216s1974||||ge |||||||||||||| ||geo||
040 _cGE_BSU
041 _ageo
080 _a628(075.8) ქ-84
100 _aქუთათელაძე, ქ.
_9761
245 _aშენობების სანიტარულ-ტექნიკური მოწყობილობა :
_bსახელმძღვ. /
_cქ. ქუთათელაძე ; რედ ჩ. გურგენიძე.
264 _aთბილისი :
_bგანათლება,
_c1974.
300 _a304 გვ. :
_bილ.;
_c27 სმ.
504 _aბიბლიოგრ. : გვ.299.
653 _aშენობების სანიტარულ-ტექნიკური მოწყობილობა
700 _a გურგენიძე, ჩ.
_eრედაქტორი
_91233
942 _cBK
_2udc